000 00821nam a22002057a 4500
005 20240517150133.0
010 _aHIN-127616
020 _a9789394928190
_c1000.00
035 _aHN-99962
037 _bDBAD
082 _a158.1
_21
100 _aश्रीचंदानी, सुरेश कुमार
_966370
245 _aगुण ग्राहक बनना/
_cसुरेश कुमार श्रीचंदानी
250 _aप्रथम
260 _aअजमेर
_bपद्म्कान्ता प्रकाशन
_c2021
270 _a403/16, ठठेरा चौक
_bअजमेर
_e305001
300 _a102पृ.
_c22 सेमी.(अजिल्द)
650 _aहिन्दी
_966371
942 _2ddc
_cHN
_h158.1
_mश्रीचंद
999 _c202963
_d202963